| 000 | 01001cam a22002774a 4500 | ||
|---|---|---|---|
| 001 | 12732782 | ||
| 005 | 20250327104642.0 | ||
| 008 | 020408s2002 nyu b 001 0 eng | ||
| 020 | _a1570754462 (pbk.) | ||
| 050 | 0 | 0 |
_aHF1359 _b.S8665 2002 |
| 082 | 0 | 0 |
_a174/.4 _221 |
| 245 | 0 | 0 |
_aSubverting greed : _breligious perspectives on the global economy / _cedited by Paul F. Knitter and Chandra Muzaffar. |
| 260 |
_aMaryknoll, N.Y. : _bOrbis Books, _cc2002. |
||
| 300 |
_axiv, 193 p. ; _c22 cm. |
||
| 440 | 0 | _aFaith meets faith | |
| 650 | 0 |
_aGlobalization _xMoral and ethical aspects. |
|
| 650 | 0 |
_aGlobalization _xReligious aspects. |
|
| 650 | 0 |
_aInternational economic relations _xMoral and ethical aspects. |
|
| 650 | 0 |
_aInternational economic relations _xReligious aspects. |
|
| 650 | 0 | _aBusiness ethics. | |
| 650 | 0 |
_aEconomics _xMoral and ethical aspects. |
|
| 650 | 0 |
_aEconomics _xReligious aspects. |
|
| 700 | 1 | _aKnitter, Paul F. | |
| 700 | 0 |
_aChandra Muzaffar, _d1947- |
|
| 942 |
_2lcc _cBK _n0 |
||
| 999 |
_c5246 _d5246 |
||